[Event "2. Bundesliga West 2014/15"]
[Site "Diverse"]
[Date "2014.10.10"]
[Round "1"]
[Board "1"]
[White "Berchtenbreiter, Maximilian"]
[Black "Zelbel, Patrick"]
[Result "1/2-1/2"]
[WhiteElo "2384"]
[BlackElo "2441"]
[PlyCount "54"]
[EventDate "2014.10.10"]
[EventType "team"]
[EventRounds "11"]
[EventCountry "AUT"]
[WhiteTeam "HAK/HAS Innsbruck"]
[BlackTeam "Kufstein / Woergl"]

1.e4 e5 2.Nf3 Nc6 3.Bb5 a6 4.Ba4 Nf6 5.O-O Be7 6.Re1 b5 7.Bb3 d6 8.c3 O-O 9.h3 Nb8
10.d4 Nbd7 11.Nbd2 Bb7 12.Bc2 Re8 13.Nf1 Bf8 14.Ng3 g6 15.a4 c5 16.d5 c4 17.Bg5 h6
18.Be3 Nc5 19.Qd2 h5 20.Ra3 Rb8 21.axb5 axb5 22.Rea1 Bc8 23.Bg5 Be7 24.Bh6 Bf8 25.Bg5
Be7 26.Bh6 Bf8 27.Bg5 Be7 1/2-1/2

[Event "2. Bundesliga West 2014/15"]
[Site "Diverse"]
[Date "2014.10.10"]
[Round "1"]
[Board "2"]
[White "Bertagnolli, Alexander"]
[Black "Nuber, Blasius"]
[Result "1/2-1/2"]
[WhiteElo "2343"]
[BlackElo "2349"]
[PlyCount "147"]
[EventDate "2014.10.10"]
[EventType "team"]
[EventRounds "11"]
[EventCountry "AUT"]
[WhiteTeam "Kufstein / Woergl"]
[BlackTeam "HAK/HAS Innsbruck"]

1.e4 e5 2.Nc3 Nc6 3.Nf3 g6 4.a3 Bg7 5.Bc4 d6 6.d3 h6 7.O-O Nge7 8.Ne1 O-O 9.f4 Nd4
10.Be3 Be6 11.Bxe6 fxe6 12.Bxd4 exd4 13.Ne2 c5 14.Nf3 Qb6 15.g4 c4 16.Kh1 Rac8 17.dxc4
Qc6 18.Qd3 e5 19.b3 b5 20.Nd2 bxc4 21.bxc4 exf4 22.Nxf4 Qd7 23.Qh3 d3 24.Rac1 dxc2
25.Rxc2 g5 26.Nh5 Rxf1+ 27.Nxf1 Qe6 28.Qf3 Rxc4 29.Rxc4 Qxc4 30.Nfg3 Qe6 31.Nxg7 Kxg7
32.Qc3+ Kg8 33.Qd4 Nc6 34.Qc3 Ne7 35.Kg1 Qe5 36.Qxe5 dxe5 37.Nf5 Nc8 38.Nxh6+ Kf8
39.Nf5 Nb6 40.Ne3 Ke7 41.Kg2 Na4 42.Kf3 Ke6 43.Nd5 Nb2 44.Ne3 Nd3 45.Nc4 Ne1+ 46.Ke2
Nc2 47.Kf2 Nd4 48.h3 Kf6 49.Nd6 Ke6 50.Nc4 Kf6 51.a4 Ke6 52.Ke3 Nb3 53.Nd2 Nc5 54.a5
Kf6 55.Ke2 Ke6 56.Kf3 a6 57.Kg3 Nb7 58.Nb3 Kf6 59.h4 Nd6 60.Nc5 gxh4+ 61.Kxh4 Kg6
62.g5 Nc4 63.Nd3 Nd2 64.Nxe5+ Kg7 65.Nd7 Nxe4 66.Nb8 Nd6 67.Nxa6 Nc4 68.Kh5 Nxa5 69.Nc7
Nc6 70.Ne8+ Kg8 71.Kh6 Ne5 72.Nf6+ Kh8 73.g6 Nxg6 74.Kxg6 1/2-1/2

[Event "2. Bundesliga West 2014/15"]
[Site "Diverse"]
[Date "2014.10.10"]
[Round "1"]
[Board "3"]
[White "Wachinger, Guenther"]
[Black "Koepke, Christian"]
[Result "1/2-1/2"]
[WhiteElo "2233"]
[BlackElo "2322"]
[PlyCount "94"]
[EventDate "2014.10.10"]
[EventType "team"]
[EventRounds "11"]
[EventCountry "AUT"]
[WhiteTeam "HAK/HAS Innsbruck"]
[BlackTeam "Kufstein / Woergl"]

1.d4 Nf6 2.c4 g6 3.Nc3 Bg7 4.Nf3 d6 5.Bg5 h6 6.Bh4 O-O 7.e3 c5 8.d5 g5 9.Bg3 Nh5 10.Bd3
f5 11.Nd2 Nxg3 12.hxg3 Nd7 13.f4 Nf6 14.Nf3 Ng4 15.Qd2 e6 16.dxe6 Bxe6 17.O-O-O gxf4
18.gxf4 Qa5 19.Nh2 Nxh2 20.Rxh2 Rae8 21.Kb1 a6 22.e4 fxe4 23.Nxe4 Qxd2 24.Rxd2 Bf5
25.Nc3 Bxd3+ 26.Rxd3 Rxf4 27.g3 Rd4 28.Rxd4 cxd4 29.Nd5 d3 30.Kc1 Re2 31.Rxe2 dxe2
32.Kd2 Bxb2 33.Kxe2 Kf7 34.Kf3 Be5 35.g4 Ke6 36.Ke4 Bb2 37.Ne3 Bc1 38.Nf5 Bd2 39.Kd4
Bf4 40.Ke4 Bd2 41.Kd3 Bc1 42.Ke4 Bg5 43.a4 Bc1 44.Kd4 Bb2+ 45.Ke4 Bc1 46.Kd4 Bb2+
47.Ke4 Bc1 1/2-1/2

[Event "2. Bundesliga West 2014/15"]
[Site "Diverse"]
[Date "2014.10.10"]
[Round "1"]
[Board "4"]
[White "Levushkina, Elena"]
[Black "Sucher, Johannes"]
[Result "0-1"]
[WhiteElo "2299"]
[BlackElo "2169"]
[PlyCount "72"]
[EventDate "2014.10.10"]
[EventType "team"]
[EventRounds "11"]
[EventCountry "AUT"]
[WhiteTeam "Kufstein / Woergl"]
[BlackTeam "HAK/HAS Innsbruck"]

1.e4 Nf6 2.Nc3 d5 3.e5 d4 4.exf6 dxc3 5.fxg7 cxd2+ 6.Bxd2 Bxg7 7.Qf3 Bxb2 8.Rd1 Qd4
9.Ne2 Qf6 10.Qb3 Qb6 11.Qg3 Be6 12.c3 Nd7 13.Nd4 O-O-O 14.Be2 Rhg8 15.Qh4 Rxg2 16.Nxe6
Qxe6 17.Kf1 Rdg8 18.Bf3 R2g4 19.Qh5 Qc4+ 20.Be2 Qc6 21.f3 Rg2 22.Be3 Qe6 23.Bf2 R2g5
24.Qh4 Bxc3 25.Bc4 Qf5 26.Be2 Bf6 27.Qc4 Ne5 28.Qb3 Nc6 29.h4 Rg2 30.Qxf7 Rxf2+ 31.Kxf2
Bxh4+ 32.Rxh4 Qxf7 33.Bc4 Qf6 34.Re4 Rd8 35.Rxd8+ Nxd8 36.a4 c6 0-1

[Event "2. Bundesliga West 2014/15"]
[Site "Diverse"]
[Date "2014.10.10"]
[Round "1"]
[Board "5"]
[White "Heinrich, Thomas"]
[Black "Maurer, Jochen"]
[Result "1/2-1/2"]
[WhiteElo "2144"]
[BlackElo "2254"]
[PlyCount "67"]
[EventDate "2014.10.10"]
[EventType "team"]
[EventRounds "11"]
[EventCountry "AUT"]
[WhiteTeam "HAK/HAS Innsbruck"]
[BlackTeam "Kufstein / Woergl"]

1.d4 Nf6 2.c4 g6 3.g3 Bg7 4.Bg2 O-O 5.Nf3 d6 6.O-O Nc6 7.Nc3 a6 8.b3 Rb8 9.Bb2 b5
10.cxb5 axb5 11.d5 Na5 12.Nd4 b4 13.Na4 e5 14.dxe6 fxe6 15.Rc1 Bd7 16.Nc6 Nxc6 17.Bxc6
Bxc6 18.Rxc6 Qd7 19.Qc2 Rb7 20.e4 Ng4 21.Bxg7 Qxg7 22.Qe2 Ne5 23.Rcc1 Nf3+ 24.Kg2
c5 25.e5 Qxe5 26.Qxe5 Nxe5 27.f4 Nc6 28.Nb2 Ra8 29.Na4 Nd4 30.Kh3 Kf7 31.Rf2 Ke7 32.Kg4
Kf6 33.h4 h5+ 34.Kh3 1/2-1/2

[Event "2. Bundesliga West 2014/15"]
[Site "Diverse"]
[Date "2014.10.10"]
[Round "1"]
[Board "6"]
[White "Steinbacher, Thomas"]
[Black "Georgiev, Georgi"]
[Result "0-1"]
[WhiteElo "2077"]
[BlackElo "2107"]
[PlyCount "104"]
[EventDate "2014.10.10"]
[EventType "team"]
[EventRounds "11"]
[EventCountry "AUT"]
[WhiteTeam "Kufstein / Woergl"]
[BlackTeam "HAK/HAS Innsbruck"]

1.d4 d5 2.Nc3 Nf6 3.Bg5 e6 4.e4 dxe4 5.Nxe4 Be7 6.Bxf6 Bxf6 7.Nf3 Nd7 8.c3 Qe7 9.Qc2
b6 10.Bd3 Bb7 11.O-O-O O-O-O 12.Rhe1 Kb8 13.Kb1 Qf8 14.Qa4 Be7 15.Bb5 Nf6 16.Bc6 Nxe4
17.Bxe4 Bxe4+ 18.Rxe4 Qe8 19.Qxe8 Rdxe8 20.Ne5 Bf6 21.Nd7+ Kc8 22.Nxf6 gxf6 23.Rf4
f5 24.Rh4 Reg8 25.g3 Rg4 26.Rh5 h6 27.f3 Rg5 28.Rh4 Rg6 29.Kc2 Rd8 30.b4 b5 31.a4
a6 32.Kb3 Kb7 33.Re1 c6 34.c4 Kb6 35.Kc3 Rd7 36.Re5 Rd8 37.Rf4 Rd7 38.g4 fxg4 39.fxg4
Rg5 40.Rfe4 f5 41.gxf5 exf5 42.Rh4 h5 43.axb5 axb5 44.Rf4 Rf7 45.c5+ Kc7 46.d5 cxd5
47.Rxd5 Rf6 48.Kd4 Rg2 49.Ke5 Rf8 50.h4 Re2+ 51.Kd4 Rd2+ 52.Ke5 Re8+ 0-1

[Event "2. Bundesliga West 2014/15"]
[Site "Diverse"]
[Date "2014.10.10"]
[Round "1"]
[Board "1"]
[White "Wegener, Olaf"]
[Black "Bayer, Bernhard"]
[Result "1/2-1/2"]
[WhiteElo "2441"]
[BlackElo "2441"]
[PlyCount "75"]
[EventDate "2014.10.10"]
[EventType "team"]
[EventRounds "11"]
[EventCountry "AUT"]
[WhiteTeam "Rochade Rum"]
[BlackTeam "Schwaz"]

1.e4 c6 2.d4 d5 3.Nc3 dxe4 4.Nxe4 Bf5 5.Ng3 Bg6 6.h4 h6 7.Nf3 Nd7 8.h5 Bh7 9.Bd3 Bxd3
10.Qxd3 Ngf6 11.Bd2 e6 12.O-O-O Qc7 13.Ne4 Nxe4 14.Qxe4 Nf6 15.Qe2 O-O-O 16.g3 Rd5
17.Bf4 Bd6 18.Bxd6 Rxd6 19.Ne5 Rhd8 20.c3 c5 21.dxc5 Rxd1+ 22.Rxd1 Rxd1+ 23.Kxd1 Qxc5
24.Nxf7 Qd5+ 25.Kc1 Qxa2 26.Nd6+ Kb8 27.Nc4 Qa6 28.Qe5+ Kc8 29.Qc5+ Kd8 30.Qf8+ Ne8
31.Qf4 Qb5 32.g4 Qd5 33.Kc2 Ke7 34.Ne5 Nd6 35.f3 Qb5 36.Nd3 Nc4 37.Qc7+ Kf6 38.Kc1 1/2-1/2

[Event "2. Bundesliga West 2014/15"]
[Site "Diverse"]
[Date "2014.10.10"]
[Round "1"]
[Board "2"]
[White "Panteleev, Petar"]
[Black "Braeuer, Franz"]
[Result "1/2-1/2"]
[WhiteElo "2239"]
[BlackElo "2387"]
[PlyCount "80"]
[EventDate "2014.10.10"]
[EventType "team"]
[EventRounds "11"]
[EventCountry "AUT"]
[WhiteTeam "Schwaz"]
[BlackTeam "Rochade Rum"]

1.d4 Nf6 2.Nf3 e6 3.c4 b6 4.g3 Ba6 5.b3 Bb4+ 6.Bd2 Be7 7.Nc3 c6 8.d5 cxd5 9.cxd5 Nxd5
10.Nxd5 exd5 11.Bc3 Bf6 12.Rc1 Nc6 13.Bg2 O-O 14.O-O Bxc3 15.Rxc3 Qf6 16.Re3 d4 17.Re4
Rae8 18.Ne1 Rxe4 19.Bxe4 Qe6 20.Bd3 Bb7 21.Nf3 h6 22.Bc4 Qe4 23.Qb1 Nb4 24.Qxe4 Bxe4
25.Nxd4 d5 26.Bb5 Rc8 27.f3 Bg6 28.a3 Nc2 29.Rc1 Rc5 30.Nxc2 Rxc2 31.Rxc2 Bxc2 32.b4
d4 33.Kf2 Kf8 34.Ke1 Ke7 35.Kd2 Bb1 36.Bd3 Ba2 37.Ba6 Bb1 38.Bd3 Ba2 39.Ba6 Bb1 40.Bd3
Ba2 1/2-1/2

[Event "2. Bundesliga West 2014/15"]
[Site "Diverse"]
[Date "2014.10.10"]
[Round "1"]
[Board "3"]
[White "Pogan, Nikolas"]
[Black "Fuchs, Georg"]
[Result "1-0"]
[WhiteElo "2284"]
[BlackElo "2187"]
[PlyCount "125"]
[EventDate "2014.10.10"]
[EventType "team"]
[EventRounds "11"]
[EventCountry "AUT"]
[WhiteTeam "Rochade Rum"]
[BlackTeam "Schwaz"]

1.d4 Nf6 2.c4 e6 3.Nf3 Bb4+ 4.Bd2 Qe7 5.g3 O-O 6.Bg2 Ne4 7.O-O d5 8.Qc2 c6 9.Bxb4
Qxb4 10.Nbd2 Nxd2 11.Nxd2 dxc4 12.Nxc4 b5 13.Na3 Bd7 14.Rfd1 Na6 15.Qd2 Rac8 16.Nc2
Qxd2 17.Rxd2 Rc7 18.b4 Re8 19.Rad1 Nb8 20.Ne1 e5 21.dxe5 Rxe5 22.Nd3 Re8 23.Nc5 Bc8
24.Rd8 Kf8 25.e3 Ke7 26.R8d6 Bf5 27.e4 Bg4 28.f3 Bc8 29.e5 Nd7 30.f4 Nxc5 31.bxc5
Bd7 32.Be4 g6 33.R1d3 Rb8 34.Ra3 b4 35.Ra5 Rb5 36.Rxb5 cxb5 37.c6 Be6 38.Rd2 a5 39.Rb2
Rc8 40.Kf2 Kd8 41.Bf3 Kc7 42.g4 Kb6 43.Ke3 Rd8 44.h3 Bc4 45.Be4 Rd1 46.f5 g5 47.Rf2
Re1+ 48.Kd4 b3 49.axb3 Bxb3 50.e6 f6 51.Rd2 a4 52.Bd5 Bxd5 53.Kxd5 a3 54.Kd6 Rc1 55.e7
Rxc6+ 56.Kd7 Rc7+ 57.Kd8 Rxe7 58.Kxe7 b4 59.Ra2 Kb5 60.Kxf6 Ka4 61.Kxg5 b3 62.Rxa3+
Kxa3 63.f6 1-0

[Event "2. Bundesliga West 2014/15"]
[Site "Diverse"]
[Date "2014.10.10"]
[Round "1"]
[Board "4"]
[White "Gruber, Michael"]
[Black "Spornberger, Maximilian"]
[Result "0-1"]
[WhiteElo "2196"]
[BlackElo "2347"]
[PlyCount "104"]
[EventDate "2014.10.10"]
[EventType "team"]
[EventRounds "11"]
[EventCountry "AUT"]
[WhiteTeam "Schwaz"]
[BlackTeam "Rochade Rum"]

1.e4 e6 2.d4 d5 3.Nd2 Nf6 4.Bd3 c5 5.e5 Nfd7 6.c3 Nc6 7.Ndf3 cxd4 8.cxd4 f6 9.exf6
Nxf6 10.Nh3 Bb4+ 11.Bd2 Qa5 12.a3 Bxd2+ 13.Qxd2 Qxd2+ 14.Kxd2 O-O 15.Rhe1 h6 16.Nf4
Ne4+ 17.Ke3 Nxf2 18.Nxe6 Bxe6 19.Kxf2 Nxd4 20.Kg3 Bf5 21.Nxd4 Bxd3 22.Rad1 Be4 23.Ne6
Rf6 24.Nf4 Raf8 25.Nxd5 Rg6+ 26.Kh4 Bxd5 27.Rxd5 Rxg2 28.Re7 Rxh2+ 29.Kg3 Rff2 30.Rxb7
Rhg2+ 31.Kh3 Rxb2 32.Rxa7 Rgc2 33.Rd3 h5 34.a4 Rh2+ 35.Kg3 h4+ 36.Kg4 Rbg2+ 37.Kf4
h3 38.a5 Rh1 39.Ra8+ Kf7 40.Rh8 g5+ 41.Kf5 Rf1+ 42.Ke5 Re2+ 43.Kd4 g4 44.a6 Ra2 45.a7
Rxa7 46.Rh7+ Kg6 47.Rxa7 h2 48.Ra6+ Kg5 49.Ra5+ Kf4 50.Rh5 h1=Q 51.Rxh1 Rxh1 52.Kc4
g3 0-1

[Event "2. Bundesliga West 2014/15"]
[Site "Diverse"]
[Date "2014.10.10"]
[Round "1"]
[Board "5"]
[White "Hengl, Christian"]
[Black "Blaas, Hansjoerg"]
[Result "*"]
[WhiteElo "2245"]
[BlackElo "2232"]
[PlyCount "72"]
[EventDate "2014.10.10"]
[EventType "team"]
[EventRounds "11"]
[EventCountry "AUT"]
[WhiteTeam "Rochade Rum"]
[BlackTeam "Schwaz"]

1.e4 c5 2.Nf3 Nc6 3.d4 cxd4 4.Nxd4 g6 5.Nc3 Bg7 6.Be3 Nf6 7.Bc4 Ng4 8.Qxg4 Nxd4 9.Qd1
Nc6 10.Qd2 Qa5 11.O-O d6 12.Rad1 Be6 13.Nd5 Qxd2 14.Rxd2 Rc8 15.c3 O-O 16.f4 Rfd8
17.f5 gxf5 18.exf5 Bxd5 19.Bxd5 Re8 20.Rf3 Be5 21.Bh6 e6 22.Bxc6 Rxc6 23.f6 Rc4 24.Rdd3
Rg4 25.Bg7 d5 26.Rfe3 Bc7 27.Kf1 Rd8 28.Rh3 Bd6 29.Rh5 Bf8 30.Rg3 Rxg3 31.hxg3 d4
32.cxd4 Rxd4 33.Bxf8 Kxf8 34.Rxh7 Kg8 35.Rh4 Rd2 36.Rg4+ Kh8

[Event "2. Bundesliga West 2014/15"]
[Site "Diverse"]
[Date "2014.10.10"]
[Round "1"]
[Board "6"]
[White "Kondrak, Christof"]
[Black "Hoellrigl, Wilfried"]
[Result "0-1"]
[WhiteElo "2132"]
[BlackElo "2153"]
[PlyCount "75"]
[EventDate "2014.10.10"]
[EventType "team"]
[EventRounds "11"]
[EventCountry "AUT"]
[WhiteTeam "Schwaz"]
[BlackTeam "Rochade Rum"]

1.d4 Nf6 2.c4 g6 3.Nc3 Bg7 4.Nf3 O-O 5.Bg5 d6 6.e3 Nbd7 7.Be2 c6 8.O-O h6 9.Bh4 g5
10.Bg3 Nh5 11.Qc2 Nxg3 12.hxg3 e5 13.Rad1 Qe7 14.b4 f5 15.c5 d5 16.b5 e4 17.Nd2 Nf6
18.a4 Bd7 19.a5 a6 20.bxa6 bxa6 21.Rb1 f4 22.Rb6 Ra7 23.Rfb1 Qe6 24.Rb7 Rxb7 25.Rxb7
Ng4 26.Bxg4 Qxg4 27.gxf4 gxf4 28.Qd1 f3 29.Qf1 Rf6 30.Ndxe4 dxe4 31.Nxe4 Qxe4 32.Rxd7
Rg6 33.g3 h5 34.Qc4+ Kh7 35.Rf7 Rg4 36.Rf4 Rxf4 37.gxf4 Qg6+ 38.Kf1 0-1

[Event "2. Bundesliga West 2014/15"]
[Site "Diverse"]
[Date "2014.10.10"]
[Round "1"]
[Board "1"]
[White "Krassowizkij, Jaroslaw"]
[Black "Graf, Felix"]
[Result "1-0"]
[WhiteElo "2408"]
[BlackElo "2478"]
[PlyCount "47"]
[EventDate "2014.10.10"]
[EventType "team"]
[EventRounds "11"]
[EventCountry "AUT"]
[WhiteTeam "Goetzis"]
[BlackTeam "Bregenz"]

1.e4 e6 2.d4 d5 3.Nc3 Nc6 4.Nf3 Nf6 5.Bd3 Bb4 6.O-O Bxc3 7.exd5 Bxd4 8.dxc6 Bc5 9.Bg5
h6 10.Bh4 bxc6 11.Ne5 Bb7 12.Qe2 Qd4 13.Bg3 Bd6 14.c3 Qc5 15.b4 Qxc3 16.Rac1 Qd4 17.Rfd1
Bxe5 18.Bxe5 Qh4 19.b5 cxb5 20.Rxc7 Bd5 21.Bd6 a6 22.Bxb5+ axb5 23.Qxb5+ Kd8 24.Rdc1 1-0

[Event "2. Bundesliga West 2014/15"]
[Site "Diverse"]
[Date "2014.10.10"]
[Round "1"]
[Board "2"]
[White "Abhau, Jochen"]
[Black "Eisenbeiser, Amadeus"]
[Result "1/2-1/2"]
[WhiteElo "2265"]
[BlackElo "2365"]
[PlyCount "89"]
[EventDate "2014.10.10"]
[EventType "team"]
[EventRounds "11"]
[EventCountry "AUT"]
[WhiteTeam "Bregenz"]
[BlackTeam "Goetzis"]

1.Nf3 d6 2.d4 g6 3.g3 Bg7 4.Bg2 Nd7 5.c4 e6 6.Nc3 Ne7 7.O-O O-O 8.e4 b6 9.Be3 Bb7
10.Qd2 Nf6 11.d5 exd5 12.cxd5 Qd7 13.h3 Rfe8 14.Nd4 a6 15.Kh2 b5 16.Rac1 c5 17.dxc6
Nxc6 18.Nxc6 Bxc6 19.Rfd1 Nxe4 20.Nxe4 Bxe4 21.Bxe4 Rxe4 22.Qd5 Rae8 23.b3 h5 24.Kg2
R4e6 25.Rc6 h4 26.g4 Be5 27.Rxa6 Rc8 28.Ra7 Qc6 29.Qxc6 Rxc6 30.Rb7 Ra6 31.Rxb5 Rxa2
32.Rd2 Rxd2 33.Bxd2 f6 34.Rb7 g5 35.Kf3 d5 36.b4 Kf8 37.Rd7 Bd6 38.b5 Ke8 39.Ra7 Bc5
40.Ra6 Kd7 41.Ba5 Bd6 42.Ra7+ Kc8 43.Ra6 Kd7 44.Ra7+ Kc8 45.Ra6 1/2-1/2

[Event "2. Bundesliga West 2014/15"]
[Site "Diverse"]
[Date "2014.10.10"]
[Round "1"]
[Board "3"]
[White "Anistratov, Dmitrij"]
[Black "Matt, Fabian"]
[Result "1/2-1/2"]
[WhiteElo "2305"]
[BlackElo "2183"]
[PlyCount "65"]
[EventDate "2014.10.10"]
[EventType "team"]
[EventRounds "11"]
[EventCountry "AUT"]
[WhiteTeam "Goetzis"]
[BlackTeam "Bregenz"]

1.Nf3 Nf6 2.g3 b6 3.Bg2 Bb7 4.O-O e6 5.c4 Be7 6.Nc3 O-O 7.d4 Ne4 8.Qc2 Nxc3 9.Qxc3
f5 10.b3 Bf6 11.Bb2 d6 12.Rad1 Nd7 13.Qd2 a5 14.Ne1 Bxg2 15.Nxg2 Qe7 16.Qc2 Rae8 17.e4
fxe4 18.Qxe4 e5 19.Ne3 exd4 20.Qd5+ Qf7 21.Bxd4 Bxd4 22.Rxd4 Nf6 23.Qxf7+ Rxf7 24.Kg2
h6 25.a3 Ne4 26.Nd5 Nf6 27.Nc3 Kh7 28.h4 Kg6 29.Rfd1 Kh7 30.R1d2 Rfe7 31.Nd5 Nxd5
32.cxd5 Re2 33.Rxe2 1/2-1/2

[Event "2. Bundesliga West 2014/15"]
[Site "Diverse"]
[Date "2014.10.10"]
[Round "1"]
[Board "4"]
[White "Bezler, Rainer"]
[Black "Becker, Matthias"]
[Result "1/2-1/2"]
[WhiteElo "2215"]
[BlackElo "2138"]
[PlyCount "75"]
[EventDate "2014.10.10"]
[EventType "team"]
[EventRounds "11"]
[EventCountry "AUT"]
[WhiteTeam "Bregenz"]
[BlackTeam "Goetzis"]

1.e4 e5 2.Nf3 Nc6 3.Bb5 a6 4.Bxc6 dxc6 5.O-O Qf6 6.d3 Bd6 7.Be3 c5 8.Nbd2 Ne7 9.c3
Nc6 10.Nb3 Bg4 11.Bxc5 Bxc5 12.Nxc5 O-O-O 13.Re1 Bxf3 14.Qxf3 Qxf3 15.gxf3 b6 16.Nxa6
Rxd3 17.Nb4 Nxb4 18.cxb4 Rhd8 19.a4 Rb3 20.a5 b5 21.Rec1 Rxb2 22.Rc5 Rxb4 23.Rxe5
Ra4 24.Rc1 Rxa5 25.Rec5 Rd7 26.Kg2 Kb7 27.R1c2 Ra6 28.Rxb5+ Rb6 29.Rh5 h6 30.Rhc5
c6 31.f4 Rc7 32.f5 Rb5 33.R5c3 c5 34.e5 Kc6 35.Re3 Rb4 36.e6 fxe6 37.fxe6 Re7 38.Rec3 1/2-1/2

[Event "2. Bundesliga West 2014/15"]
[Site "Diverse"]
[Date "2014.10.10"]
[Round "1"]
[Board "5"]
[White "Mittelberger, Peter"]
[Black "Poettinger, Harald"]
[Result "1-0"]
[WhiteElo "2203"]
[BlackElo "2212"]
[PlyCount "97"]
[EventDate "2014.10.10"]
[EventType "team"]
[EventRounds "11"]
[EventCountry "AUT"]
[WhiteTeam "Goetzis"]
[BlackTeam "Bregenz"]

1.e4 d6 2.d4 Nf6 3.Bd3 e5 4.Ne2 g6 5.O-O Bg7 6.f3 O-O 7.Be3 Nc6 8.c4 exd4 9.Bf2 Nd7
10.Na3 Nc5 11.Bb1 d3 12.Nc3 Nb4 13.Nab5 Be6 14.a3 Nc2 15.Bxc2 dxc2 16.Qxc2 Bxc4 17.Rfe1
Bd3 18.Qd1 Bxb5 19.Nxb5 Bxb2 20.Rb1 Be5 21.Qc2 b6 22.g3 Re8 23.Red1 Bg7 24.Qc4 Qc8
25.Kg2 Qb7 26.Bxc5 dxc5 27.Rd7 Rf8 28.Nd6 Qc6 29.Nxf7 Qf6 30.e5 Qxf7 31.Rxf7 Rxf7
32.Qd5 Re8 33.f4 Kf8 34.Rd1 Bh6 35.h4 Bg7 36.Qc6 a5 37.a4 Rfe7 38.Rd7 Rxd7 39.Qxd7
Re7 40.Qd8+ Kf7 41.Qd5+ Kf8 42.Kf3 h5 43.Qd3 Kf7 44.Qd8 Bf8 45.Qd5+ Re6 46.Qd8 Re7
47.g4 Bg7 48.gxh5 gxh5 49.Ke4 1-0

[Event "2. Bundesliga West 2014/15"]
[Site "Diverse"]
[Date "2014.10.10"]
[Round "1"]
[Board "6"]
[White "Heilinger, Dietmar"]
[Black "Jussupow, Nadia"]
[Result "1/2-1/2"]
[WhiteElo "2159"]
[BlackElo "2105"]
[PlyCount "27"]
[EventDate "2014.10.10"]
[EventType "team"]
[EventRounds "11"]
[EventCountry "AUT"]
[WhiteTeam "Bregenz"]
[BlackTeam "Goetzis"]

1.c4 Nf6 2.Nc3 g6 3.g3 Bg7 4.Bg2 O-O 5.e4 e5 6.Nge2 d6 7.O-O c6 8.h3 Be6 9.d3 Qd7
10.Kh2 d5 11.cxd5 cxd5 12.d4 Nxe4 13.dxe5 Bxe5 14.Bh6 1/2-1/2

[Event "2. Bundesliga West 2014/15"]
[Site "Diverse"]
[Date "2014.10.10"]
[Round "1"]
[Board "1"]
[White "Breder, Dennis"]
[Black "Perunovic, Milos"]
[Result "1-0"]
[WhiteElo "2471"]
[BlackElo "2632"]
[PlyCount "79"]
[EventDate "2014.10.10"]
[EventType "team"]
[EventRounds "11"]
[EventCountry "AUT"]
[WhiteTeam "Hohenems II"]
[BlackTeam "Dornbirn"]

1.e4 c5 2.Nf3 e6 3.g3 Nc6 4.Bg2 Nf6 5.Qe2 d6 6.O-O Be7 7.Rd1 O-O 8.d4 d5 9.exd5 exd5
10.dxc5 Bxc5 11.Nc3 Re8 12.Qb5 Qb6 13.Qxb6 axb6 14.Bf4 Ne4 15.Nxe4 dxe4 16.Nd2 Bf5
17.c3 h6 18.b4 g5 19.bxc5 gxf4 20.gxf4 b5 21.Nf1 Be6 22.Bxe4 Bxa2 23.Ng3 Ra4 24.Rd6
Na5 25.Rd2 Bc4 26.Rad1 Nc6 27.Rd6 Ra3 28.Nh5 Kf8 29.Nf6 Rea8 30.Nd7+ Ke7 31.f5 Rg8+
32.Kh1 Rxc3 33.f6+ Kd8 34.Ne5+ Kc7 35.Nxc6 bxc6 36.Rxc6+ Kb8 37.Rb6+ Kc7 38.Ra1 Rc8
39.Rc6+ Kd8 40.Rd1+ 1-0

[Event "2. Bundesliga West 2014/15"]
[Site "Diverse"]
[Date "2014.10.10"]
[Round "1"]
[Board "2"]
[White "Milanovic, Danilo"]
[Black "Froewis, Georg"]
[Result "1-0"]
[WhiteElo "2471"]
[BlackElo "2434"]
[PlyCount "105"]
[EventDate "2014.10.10"]
[EventType "team"]
[EventRounds "11"]
[EventCountry "AUT"]
[WhiteTeam "Dornbirn"]
[BlackTeam "Hohenems II"]

1.d4 d5 2.c4 e6 3.Nc3 c5 4.e3 Nf6 5.Nf3 cxd4 6.exd4 Nc6 7.Bd3 Bb4 8.O-O dxc4 9.Bxc4
O-O 10.Bg5 Be7 11.a3 Nd5 12.Bxd5 exd5 13.Bxe7 Nxe7 14.Qb3 b6 15.Rfe1 Be6 16.Rac1 Rc8
17.Qa4 Rc4 18.Qxa7 Nc6 19.Qa6 Nxd4 20.Ne5 Bc8 21.Qa8 Rc5 22.Qa4 Ne6 23.Rcd1 Bb7 24.Qd7
Qa8 25.Nxf7 Bc8 26.Qd6 d4 27.Rxe6 Bxe6 28.Qxe6 Rxf7 29.Rxd4 Rcf5 30.Ne4 Kh8 31.Qxb6
Rf8 32.h3 Qc8 33.Rd1 Qc2 34.Qd4 h6 35.f3 Rb8 36.b4 Ra8 37.Qd3 Qb2 38.Nd6 Rff8 39.Nc4
Qf6 40.Re1 Rfd8 41.Qe4 Ra7 42.Qe5 Qc6 43.Re4 Rad7 44.b5 Qb7 45.a4 Qa7+ 46.Kh2 Rd5
47.Qe6 Qf2 48.Ne5 h5 49.Qg6 Kg8 50.Qf7+ Kh7 51.Qxh5+ Kg8 52.Qf7+ Kh7 53.Rg4 1-0

[Event "2. Bundesliga West 2014/15"]
[Site "Diverse"]
[Date "2014.10.10"]
[Round "1"]
[Board "3"]
[White "Novkovic, Milan"]
[Black "Sergeev, Vladimir"]
[Result "1/2-1/2"]
[WhiteElo "2380"]
[BlackElo "2448"]
[PlyCount "106"]
[EventDate "2014.10.10"]
[EventType "team"]
[EventRounds "11"]
[EventCountry "AUT"]
[WhiteTeam "Hohenems II"]
[BlackTeam "Dornbirn"]

1.d4 Nf6 2.c4 c5 3.d5 e5 4.Nc3 d6 5.e4 Be7 6.Bd3 Nbd7 7.Nf3 a6 8.a3 b6 9.Bd2 Rb8 10.b4
O-O 11.Rb1 Ne8 12.h4 Qc7 13.h5 Qd8 14.g3 Ra8 15.Kf1 cxb4 16.axb4 a5 17.bxa5 Rxa5 18.Na4
Ra6 19.Kg2 Nc5 20.Nxc5 bxc5 21.Nh2 Bg5 22.Bc3 Nf6 23.Ra1 Rxa1 24.Bxa1 Bh6 25.Bc3 Re8
26.Nf1 Bg4 27.f3 Bxh5 28.g4 Bg6 29.Ng3 Bf4 30.Bd2 Bxd2 31.Qxd2 Qa8 32.Rb1 Nd7 33.Rb5
h6 34.Ra5 Qb8 35.Qa2 Rd8 36.Bc2 Qb4 37.Bb3 Rb8 38.Ra8 Kh7 39.Rxb8 Nxb8 40.Ba4 Qa5
41.Bb3 Qc3 42.Qa4 Qd2+ 43.Kg1 h5 44.gxh5 Bxh5 45.Nxh5 Qg5+ 46.Kf2 Qxh5 47.Qa7 Qh4+
48.Ke2 Qd8 49.Ba4 Kg6 50.Bb5 Kf6 51.Qb7 g6 52.Kf2 Kg7 53.Ke2 Kf6 1/2-1/2

[Event "2. Bundesliga West 2014/15"]
[Site "Diverse"]
[Date "2014.10.10"]
[Round "1"]
[Board "4"]
[White "Novkovic, Julia"]
[Black "Gaertner, Guntram"]
[Result "1/2-1/2"]
[WhiteElo "2156"]
[BlackElo "2226"]
[PlyCount "77"]
[EventDate "2014.10.10"]
[EventType "team"]
[EventRounds "11"]
[EventCountry "AUT"]
[WhiteTeam "Dornbirn"]
[BlackTeam "Hohenems II"]

1.e4 c5 2.Nc3 Nc6 3.g3 e6 4.Bg2 Nf6 5.d3 d5 6.Nge2 dxe4 7.dxe4 Qxd1+ 8.Nxd1 Bd7 9.f3
Nd4 10.Ne3 Nxe2 11.Kxe2 Bb5+ 12.c4 Bc6 13.Rd1 Be7 14.Bd2 O-O-O 15.Bc3 h5 16.h4 Rhg8
17.Bh3 Kb8 18.Be5+ Ka8 19.Rxd8+ Rxd8 20.Rg1 b6 21.Bc3 Kb7 22.b3 a6 23.Nc2 Rg8 24.Ne1
Nd7 25.Nd3 Bf6 26.e5 Be7 27.f4 g6 28.Ke3 Kc7 29.Nf2 Nb8 30.a3 a5 31.Rd1 Rd8 32.Rxd8
Kxd8 33.a4 Kc7 34.Bf1 Nd7 35.Bd3 Bb7 36.Nh3 Kd8 37.Ng5 Bxg5 38.hxg5 Ke7 39.Be2 1/2-1/2

[Event "2. Bundesliga West 2014/15"]
[Site "Diverse"]
[Date "2014.10.10"]
[Round "1"]
[Board "1"]
[White "Schramm, Christian"]
[Black "Hertneck, Gerald"]
[Result "0-1"]
[WhiteElo "2397"]
[BlackElo "2465"]
[PlyCount "164"]
[EventDate "2014.10.10"]
[EventType "team"]
[EventRounds "11"]
[EventCountry "AUT"]
[WhiteTeam "SIR Bernhard 2"]
[BlackTeam "Sparkasse Neumarkt"]

1.e4 e6 2.d4 d5 3.Nc3 Nc6 4.Be3 Nge7 5.e5 Nf5 6.Nf3 Nxe3 7.fxe3 Bd7 8.a3 Qe7 9.Bd3
f5 10.h4 g6 11.Ne2 O-O-O 12.Qd2 h6 13.O-O-O Qf7 14.Rdf1 Be7 15.g4 Rdf8 16.g5 hxg5
17.hxg5 Nd8 18.Nf4 Qg7 19.Qg2 Be8 20.Kb1 Rxh1 21.Rxh1 Rh8 22.Rc1 Bc6 23.Qe2 a6 24.Ka2
Qg8 25.Rg1 Kd7 26.Qf2 Qh7 27.Rg2 Qg7 28.Nh4 Rg8 29.Be2 Qh7 30.Qg3 Nf7 31.Nf3 Qg7 32.Rh2
Rh8 33.Rg2 Bb5 34.Qe1 Bxe2 35.Qxe2 c6 36.Rg1 Qg8 37.c4 dxc4 38.Qxc4 Nd8 39.Rc1 Ke8
40.Qc2 Rh7 41.Rg1 Kf7 42.Qf2 Qh8 43.Qe1 Bf8 44.Qa5 Be7 45.Qc7 Qe8 46.Rc1 Rh8 47.Qc8
Rh7 48.Rc3 Bf8 49.Rc2 Be7 50.Rg2 Rh8 51.Nd2 Rh7 52.Nc4 Bf8 53.Nb6 Be7 54.Nd7 Qh8 55.Nf6
Rh1 56.Qd7 Qf8 57.Rf2 Kg7 58.Rc2 Qf7 59.Rc3 Kf8 60.Rb3 Bxf6 61.Qxf7+ Kxf7 62.gxf6
g5 63.Nd3 g4 64.Nc5 b5 65.Rc3 Re1 66.Nd3 Rxe3 67.Kb3 Re4 68.Kb4 Rxd4+ 69.Kc5 Rd5+
70.Kb6 c5 71.Kc7 Ke8 72.Nf4 Rd4 73.Nh5 c4 74.Rc1 f4 75.Rf1 f3 76.Rg1 f2 77.Rf1 Rd2
78.Ng3 Rd3 79.Ne4 g3 80.Rh1 Nf7 81.Nd6+ Nxd6 82.exd6 g2 0-1